| 000 | 01389nam a22002057a 4500 | ||
|---|---|---|---|
| 999 |
_c57087 _d57087 |
||
| 003 | Ge_BSU | ||
| 005 | 20191114120240.0 | ||
| 008 | 191114s2018 ||||| |||| 00| 0 geo d | ||
| 041 | _ageo | ||
| 080 | _a372.3 ა-94 | ||
| 245 | _aაღმზრდელ-პედაგოგის პროფესიული სტანდარტი / World Vision Georgia | ||
| 264 |
_aთბილისი, _c2018, |
||
| 300 |
_a23 გვ.: _c29 სმ. |
||
| 653 | _aპედაგოგიკა | ||
| 653 | _aსკოლამდელ განათლებასთან დაკავშირებული სახელმწიფო სტანდარტი | ||
| 653 | _aგანათლება | ||
| 710 |
_eგაეროს ბავშთა ფონდი და განათლებისა და მეცნიერების სამინისტრო _95334 |
||
| 856 |
_uhttps://www.unicef.org/georgia/media/1071/file/%E1%83%90%E1%83%A6%E1%83%9B%E1%83%96%E1%83%A0%E1%83%93%E1%83%94%E1%83%9A-%E1%83%9E%E1%83%94%E1%83%93%E1%83%90%E1%83%92%E1%83%9D%E1%83%92%E1%83%98%E1%83%A1%20%E1%83%9E%E1%83%A0%E1%83%9D%E1%83%A4%E1%83%94%E1%83%A1%E1%83%98%E1%83%A3%E1%83%9A%E1%83%98%20%E1%83%A1%E1%83%A2%E1%83%90%E1%83%9C%E1%83%93%E1%83%90%E1%83%A0%E1%83%A2%E1%83%98.pdf _yელექტრონული ვერსია, pdf |
||
| 942 |
_2udc _cBK |
||